[Event "FIN-ch 2017"]
[Site "Helsinki"]
[Date "2017.06.14"]
[Round "3"]
[White "Ebeling, Daniel"]
[Black "Sipila, Vilka"]
[Result "1/2-1/2"]
[WhiteElo "2477"]
[BlackElo "2415"]
[Annotator "TA"]
[PlyCount "233"]
[EventDate "2017.??.??"]
[EventType "tourn"]
[EventCountry "FIN"]
[SourceTitle "playchess.com"]
[Source "ChessBase"]
[SourceQuality "1"]

{[%evp 15,233,37,48,43,47,43,43,43,50,36,37,37,46,51,46,46,95,93,100,100,99,83,93,104,105,110,104,112,103,61,63,56,68,60,67,60,67,68,68,56,82,62,61,50,66,35,31,21,21,29,29,39,41,0,0,0,0,0,0,0,7,0,18,10,25,0,0,0,16,0,0,0,0,0,0,0,0,0,0,0,0,0,8,8,8,8,8,8,41,38,38,38,48,48,48,24,29,29,30,30,30,30,33,8,8,8,8,8,8,6,8,6,8,6,8,8,8,6,27,6,8,8,8,8,8,8,8,6,8,6,8,8,8,8,62,8,8,8,8,8,8,8,8,8,62,62,62,62,62,62,62,52,52,8,8,8,8,8,8,8,8,8,8,8,8,8,8,8,8,8,8,0,8,0,0,0,0,0,0,0,8,0,0,0,0,0,0,0,0,0,0,0,0,0,0,0,0,0,0,0,0,0,0,0,0,0,0,0,0,0,0,0,0,0,0,0,0,0,0,0]} 1. e4 d6 2. d4 Nf6 3. Nc3 e5 4. dxe5 dxe5 5. Qxd8+ Kxd8 6. Bc4 Ke8 7. Nf3 Bd6 8. Bg5 Nbd7 9. O-O {B07: Pirc Defence: Miscellaneous Systems} (9. Nd2 c6 10. Bb3 Bc7 11. O-O Nc5 12. Be3 Ne6 13. f3 Ke7 14. Rfd1 Rd8 15. Ne2 Nh5 16. g3 Nf6 {½-½ (50) Shomoev,A (2550)-Najer,E (2682) Sochi 2017}) 9... c6 10. Rfd1 $146 ({Predecessor:} 10. Bh4 h6 11. Rad1 Bc7 12. Rd2 Ke7 13. Bg3 Nh5 14. Bh4+ f6 15. Nd1 g5 {0-1 (48) Misailovic,N (2342)-Tadic,B (2491) Vrnjacka Banja 2006}) 10... Bc7 11. a4 {White is slightly better.} a5 12. h3 h6 13. Be3 g5 14. Nh2 {[%cal Bf3h2,Bh2f1,Bf1e3,Be3c4][%mdl 32]} Bb6 15. Nf1 g4 16. hxg4 Nxg4 {[#]} 17. Bxb6 $1 Nxb6 18. Bb3 Nd7 19. f3 Ngf6 {[%cal Bg4f6,Bf6h5,Bh5f4][%mdl 32]} 20. Ne3 Nc5 21. Ba2 Nh5 22. Nc4 {And now Nd6+ would win.} f6 $1 23. Kf2 Ke7 24. Nb6 Rb8 $1 25. Rd2 Nf4 26. Rh1 Be6 27. Bxe6 Nfxe6 28. Ne2 h5 29. Ng3 Ng7 30. b3 h4 31. Nf5+ Nxf5 32. exf5 Rbd8 33. Rxd8 Rxd8 $11 {[%mdl 4096] Endgame KRN-KRN} 34. Ke3 Rd4 $1 35. Ra1 Rf4 36. Nc4 Rxf5 37. Nxa5 Rg5 38. Kf2 Rg8 39. b4 Ra8 40. Rh1 (40. Nxc6+ $5 bxc6 41. bxc5 $16) 40... Nxa4 41. Rxh4 b6 42. Nxc6+ Kd6 43. b5 Nc3 44. Rh6 Rf8 45. Nb4 Nxb5 46. c4 Nc7 47. Nd3 Ne6 48. g4 Ng5 49. Ke3 {Nxe5! is the strong threat.} Ke7 50. Nb4 Ke6 51. Nd5 b5 52. Nc7+ Kd6 53. Nxb5+ Kc5 54. Nc3 f5 55. Rh5 Nxf3 56. Kxf3 fxg4+ {KRN-KR} 57. Ke4 Kxc4 58. Nd5 Rg8 59. Rxe5 (59. Ne7 $5 {[%cal Re7g8]} Ra8 60. Nd5 $14) 59... g3 60. Ne3+ Kb4 61. Kf3 Kc3 (61... g2 $5 62. Nxg2 Rh8 $14) 62. Rd5 Rg7 (62... g2 $5 63. Nxg2 Rh8 $14) 63. Rd8 Kb4 (63... g2 $5 64. Nxg2 Rh7 $14) 64. Rd1 Kc5 (64... g2 $5) 65. Rc1+ Kb5 66. Nf5 Rg8 67. Nxg3 Re8 68. Ne4 {[#] Black must now prevent Nd6+.} Rf8+ 69. Ke3 Re8 70. Kd4 {Threatening mate with Nd6+.} (70. Kd3 $5 {[%cal Re4d6]} Rh8 71. Nd6+ Kb6 72. Ke4 $14) 70... Rd8+ 71. Ke5 Rh8 72. Kd5 (72. Rc8 $5 Rxc8 73. Nd6+ Kc6 74. Nxc8 $11) 72... Rh5+ 73. Kd4 Rh4 74. Rg1 Kc6 (74... Rh3 $11) 75. Rg6+ (75. Rg5 $14) 75... Kb5 $1 76. Rf6 Kb4 77. Rb6+ Ka4 78. Kd5 Ka3 79. Nc5 Rh5+ ({Black should try} 79... Ka2 $11) 80. Kc4 $14 Rh4+ 81. Kc3 $1 {Intending Ra6+ and mate.} Rh3+ 82. Nd3 {[%cal Rb6a6]} Ka4 83. Rb1 Ka5 84. Kc4 Rh4+ {The position is equal.} 85. Kd5 Rh5+ 86. Ne5 (86. Ke6 {with more complications.} Ka4 87. Rb8 Rh1 88. Kf5 Ka3 89. Kg4) 86... Rg5 87. Kd4 Rh5 $1 88. Nc4+ Ka4 89. Nb6+ Ka5 90. Nd5 Ka4 91. Kc5 (91. Ne3 {keeps more tension.} Rh4+ 92. Ke5 Rh8 93. Ng2 Rg8 94. Nf4) 91... Ka3 92. Rb8 Rg5 93. Rh8 Kb3 94. Rh3+ Kc2 95. Rf3 Rh5 96. Kc4 Rh4+ 97. Nf4 Kd2 98. Kd4 Kc2 99. Rf1 Kb3 100. Rf2 Kb4 101. Rf3 Rg4 102. Kd5 Rg5+ 103. Kc6 Kc4 104. Ne6 Rg6 105. Rf4+ Kc3 106. Kd5 Rh6 107. Rf5 Rh8 108. Rg5 Kb4 109. Rg4+ Kc3 110. Rc4+ Kd2 111. Rc7 Ke3 112. Ng7 Kd2 113. Ra7 Kd3 114. Ra3+ Kd2 115. Ne6 Rh5+ 116. Kc4 Rh4+ 117. Nd4 {Precision: White = 66%, Black = 78%.} 1/2-1/2

[Event "FIN-ch 2017"]
[Site "Helsinki"]
[Date "2017.06.14"]
[Round "3"]
[White "Sammalvuo, Tapani"]
[Black "Karttunen, Mika"]
[Result "0-1"]
[WhiteElo "2448"]
[BlackElo "2465"]
[Annotator "TA"]
[PlyCount "66"]
[EventDate "2017.??.??"]
[EventType "tourn"]
[EventCountry "FIN"]
[SourceTitle "playchess.com"]
[Source "ChessBase"]
[SourceQuality "1"]

{[%evp 18,66,47,38,58,40,37,40,40,33,42,31,39,41,41,45,47,43,38,20,46,20,79,43,33,0,0,-108,-109,-135,-108,-179,-180,-161,-162,-210,-200,-233,-237,-329,-278,-1106,-1115,-1116,-1052,-29993,-29990,-29995,-29996,-29998,-29997]} 1. d4 Nf6 2. c4 c5 3. d5 b5 4. cxb5 a6 5. bxa6 g6 6. Nc3 {A58: Benko/Volga Gambit: Lines with 5 bxa6} Bg7 (6... Bxa6 7. Nf3 Bg7 8. e4 Bxf1 9. Kxf1 d6 10. g3 O-O 11. Kg2 Na6 12. Qe2 Qb6 13. Rd1 Qb7 14. Rb1 Nd7 15. Bg5 Rfe8 16. a3 Nc7 17. Qc2 Nb6 18. a4 Rac8 19. b3 e6 20. dxe6 Nxe6 {1-0 (27) Jakovenko,D (2714)-Zvjaginsev,V (2673) Moscow 2016}) 7. e4 O-O 8. Be2 Qa5 9. Bd2 Bxa6 10. Nf3 {LiveBook: 45 Games} d6 11. O-O Bxe2 12. Qxe2 Qa6 13. Qd1 Nbd7 14. h3 Rfb8 15. Qc2 Nh5 16. Rfb1 Ne5 17. Nxe5 Bxe5 18. g3 $146 ({Predecessor:} 18. a4) 18... Qc4 19. b3 Qd4 (19... Qa6 $11) 20. Kg2 c4 $1 21. b4 Ra3 {[%cal Ra3c3]} 22. Rc1 {[#]} (22. Rd1 $11) 22... f5 $1 $17 {[%cal Rf5f4] And now ...f4 would win.} 23. exf5 gxf5 {[%cal Bg6f5,Bf5f4][%mdl 32]} 24. Be1 {[#]} (24. Rf1 $17) 24... f4 $1 $36 {[%mdl 2048] Black is on the roll.} 25. Qe2 Nf6 26. Rd1 Rxc3 27. Bxc3 Qxc3 28. gxf4 Bxf4 {Strongly threatening ...Kh8.} 29. b5 $2 (29. Qf3 Qe5 30. a3) 29... Kh8 {( -> ...Rg8+)} 30. Qe6 Rg8+ 31. Kf1 Qf3 {Black mates.} 32. Qxe7 Ne4 {[%csl Ge4][%cal Rf3f2]} 33. Qh4 Bh2 {Precision: White = 37%, Black = 78%.} 0-1

[Event "FIN-ch 2017"]
[Site "Helsinki"]
[Date "2017.06.14"]
[Round "3"]
[White "Agopov, Mikael"]
[Black "Virtanen, Teemu"]
[Result "1/2-1/2"]
[WhiteElo "2423"]
[BlackElo "2141"]
[Annotator "TA"]
[PlyCount "51"]
[EventDate "2017.??.??"]
[EventType "tourn"]
[EventCountry "FIN"]
[SourceTitle "playchess.com"]
[Source "ChessBase"]
[SourceQuality "1"]

{[%evp 40,51,0,0,0,0,0,0,0,0,0,0,0,0]} 1. e4 c5 2. Nf3 Nc6 3. d4 cxd4 4. Nxd4 Nf6 5. Nc3 e5 6. Ndb5 {[%cal Bd4b5,Bb5a3,Ba3c2,Bc2e3][%mdl 32]} d6 7. Bg5 a6 8. Na3 b5 9. Bxf6 gxf6 10. Nd5 f5 11. exf5 Bxf5 12. c3 Bg7 13. Nc2 O-O 14. Nce3 Be6 15. Bd3 f5 {[%cal Bf7f5,Bf5f4][%mdl 32]} 16. Bc2 f4 17. Qh5 {B33: Sicilian: Pelikan and Sveshnikov Variations} Rf7 18. Bxh7+ Kf8 19. Bf5 Qe8 20. Bxe6 Qxe6 21. Qg4 {LiveBook: 100 Games. The position is equal.} Qh6 $1 22. Nf5 {[#]} Qe6 $146 23. Nfe3 $1 Qh6 $1 24. Nf5 Qe6 25. Nfe3 $1 Qh6 $1 26. Nf5 1/2-1/2

[Event "FIN-ch 2017"]
[Site "Helsinki"]
[Date "2017.06.14"]
[Round "3"]
[White "Maki-Uuro, Miikka"]
[Black "Niemi, Kalle"]
[Result "1/2-1/2"]
[WhiteElo "2337"]
[BlackElo "2331"]
[Annotator "TA"]
[PlyCount "41"]
[EventDate "2017.??.??"]
[EventType "tourn"]
[EventCountry "FIN"]
[SourceTitle "playchess.com"]
[Source "ChessBase"]
[SourceQuality "1"]

{[%evp 21,41,0,0,0,8,6,7,4,7,0,0,2,14,15,12,16,12,11,12,0,0,0]} 1. Nf3 Nf6 2. c4 e6 3. g3 d5 4. Bg2 dxc4 5. Na3 c5 6. Nxc4 Nc6 7. O-O Be7 8. b3 O-O 9. Bb2 Qc7 {A13: English Opening: 1...e6} (9... Bd7 10. d4 Rc8 11. dxc5 Bxc5 12. Nd6 Rc7 13. Rc1 b6 14. Ng5 Qe7 15. Nge4 Nxe4 16. Nxe4 Rd8 17. Nxc5 bxc5 {1-0 (46) Grischuk,A (2795)-Inarkiev,E (2688) Moscow 2014}) 10. Nfe5 Bd7 11. Nxd7 Qxd7 {LiveBook: 4 Games. The position is equal.} 12. e3 $146 ({Predecessor:} 12. d3 Rac8 13. a3 Nd5 14. Re1 Rfd8 15. Qb1 Qc7 16. Qa2 b5 17. Nd2 {½-½ (39) Yuffa,D (2516)-Shevchenko,K (2373) Moscow 2016}) 12... Rac8 13. Qe2 Nd5 14. Rfd1 Rfd8 15. Ne5 Nxe5 16. Bxe5 Bf6 17. Bxf6 Nxf6 18. d4 cxd4 19. Rxd4 Qe7 20. Rad1 Rxd4 21. Rxd4 1/2-1/2

[Event "FIN-ch 2017"]
[Site "Helsinki"]
[Date "2017.06.15"]
[Round "4"]
[White "Karttunen, Mika"]
[Black "Maki-Uuro, Miikka"]
[Result "1-0"]
[WhiteElo "2465"]
[BlackElo "2337"]
[Annotator "TA RC"]
[PlyCount "153"]
[EventDate "2017.??.??"]
[EventType "tourn"]
[EventCountry "FIN"]
[SourceTitle "playchess.com"]
[Source "ChessBase"]
[SourceQuality "1"]

{[%evp 16,153,29,12,19,16,10,0,0,8,13,0,0,-18,-27,-27,-4,-15,-7,-11,-7,-18,24,24,24,24,24,27,55,12,13,13,24,27,31,30,30,25,31,29,31,0,20,5,5,6,8,5,14,13,15,3,30,30,30,10,30,0,17,0,19,4,20,20,31,0,15,0,31,31,37,30,37,30,30,30,30,30,30,30,30,30,30,0,30,30,30,0,30,30,31,38,36,0,30,15,30,6,14,12,10,0,30,30,30,30,30,30,64,0,30,0,37,0,0,0,22,0,24,22,59,59,62,62,62,62,62,62,97,62,145,166,1272,1087,1267,1172,6864,6320,4645,4622]} 1. Nf3 d5 2. d4 Nf6 3. c4 e6 4. g3 c5 5. cxd5 exd5 6. Bg2 Nc6 7. O-O Be7 8. Be3 c4 9. b3 O-O {D30: Queen's Gambit Declined: Systems without Nc3} (9... cxb3 10. Qxb3 Na5 11. Qd3 Nc4 12. Bf4 O-O 13. Nc3 a6 14. a4 Qa5 15. Rfc1 Ba3 16. Rxa3 Nxa3 17. Bd6 Nc4 18. Bxf8 Kxf8 19. Ng5 Be6 20. Nxh7+ Nxh7 21. Qxh7 Nb6 22. Nxd5 Bxd5 23. Rc7 {1-0 (23) Naiditsch,A (2704)-Kopylov,M (2473) Germany 2012}) 10. Ne5 cxb3 $1 11. axb3 Re8 {The position is equal.} 12. Nxc6 $146 ({Predecessor:} 12. Nc3 Nb4 13. Na2 Ne4 14. Nxb4 Bxb4 15. Nd3 Bd6 16. Nc5 Bxc5 17. dxc5 Nc3 18. Qd3 d4 19. Rae1 Bg4 20. Bf3 Bxf3 21. exf3 dxe3 22. Qxc3 e2 {0-1 (22) Velikov,P (2475)-Lputian,S (2555) Saint John 1988}) 12... bxc6 13. Bd2 Bg4 14. Ba5 Qd7 15. Nd2 Bh3 16. e3 Bxg2 17. Kxg2 Bd6 18. Ra4 Ne4 19. Nxe4 Rxe4 20. Bb4 Bxb4 21. Rxb4 Rae8 22. h3 c5 23. Ra4 cxd4 24. Rxd4 Qb7 25. Kg1 Rxd4 26. Qxd4 Qxb3 27. Qxa7 $11 {[%mdl 4096] Endgame KQR-KQR} g6 28. Qd7 Re6 29. Rc1 {aiming for Rc8+.} Kg7 30. Qa7 {And now Qa1+ would win.} Qb2 31. Qc5 Rf6 32. Rc2 Qa1+ 33. Kg2 Qe5 34. Rd2 Qe4+ 35. Kh2 h5 36. Qc3 Qf3 37. Qe5 Kh7 (37... Qe4 $5 {[%cal Re4e5]} 38. Qb2 h4 $11) 38. Qd4 ({Don't play} 38. Qxd5 Qxd5 39. Rxd5 Rxf2+ 40. Kg1 Rf3 $17) 38... Rf5 39. Kg1 Kg8 40. Kh2 Kh7 41. Kg1 Kg8 42. Qb2 Qe4 43. Rd4 Qe6 44. Kg2 (44. Rb4 {seems wilder.} Qf6 45. Qd2 Kh7 46. g4 Re5 47. Qd4) 44... Kh7 45. Qb3 Re5 46. Qb7 Rf5 47. Qa8 Re5 48. Qd8 Rf5 49. Qa8 (49. g4 $5 {[%cal Rg4f5]} Re5 50. Ra4 $14) 49... Re5 50. Qa2 Rf5 51. Qb3 Re5 52. Qd3 Kg8 53. Rb4 Kh7 54. Qc3 Qd6 55. Qb2 Re8 56. Rb5 (56. Rd4 {is more complex.} Qc6 57. Qb3 Re5 58. Qd3 Qb7 59. h4) 56... Qe6 57. Qd2 Qe4+ 58. Kh2 Re5 59. Rb4 Qf5 $1 60. Rd4 Qe6 61. Kg2 Kg8 62. Kh2 Kh7 63. Ra4 Rf5 (63... Re4 $5 {[%cal Re4a4]} 64. Ra7 h4 $11) 64. f4 d4 65. Rxd4 Rc5 66. Qe2 Qc6 67. Qg2 Qxg2+ 68. Kxg2 {KR-KR} f5 69. Rd7+ Kg8 70. g4 hxg4 71. hxg4 Kf8 72. gxf5 Rxf5 ({Black should play} 72... gxf5 $14 73. Ra7 Rc3) 73. Kf3 $16 Ra5 $2 {[#]} (73... Rf6) 74. Kg4 $1 $18 {White is clearly winning.} Rb5 75. e4 {[%cal Be3e4,Be4e5][%mdl 32]} Rb4 {[#]} 76. e5 $1 Ra4 77. Kg5 {Precision: White = 54%, Black = 47%.} 1-0

[Event "FIN-ch 2017"]
[Site "Helsinki"]
[Date "2017.06.15"]
[Round "4"]
[White "Agopov, Mikael"]
[Black "Sammalvuo, Tapani"]
[Result "0-1"]
[WhiteElo "2423"]
[BlackElo "2448"]
[Annotator "TA"]
[PlyCount "84"]
[EventDate "2017.??.??"]
[EventType "tourn"]
[EventCountry "FIN"]
[SourceTitle "playchess.com"]
[Source "ChessBase"]
[SourceQuality "1"]

{[%evp 27,84,0,0,-10,-12,-19,0,0,0,0,0,-19,-18,-42,-45,-55,-59,-66,-68,-64,-66,-74,-25,-18,-14,-21,-16,-110,-112,-113,-103,-99,-109,-106,-104,-112,-120,-139,-131,-227,-108,-133,-87,-85,-83,-165,-174,-215,-213,-222,-208,-214,-201,-363,-366,-516,-512,-548,-533]} 1. e4 e5 2. Nf3 Nc6 3. Bb5 a6 4. Ba4 d6 5. c3 f5 6. exf5 Bxf5 7. O-O Bd3 8. Re1 Be7 9. Bc2 Bxc2 10. Qxc2 Nf6 11. d4 e4 12. Nfd2 {C74: Ruy Lopez: Deferred Steinitz: 5 c3 f5} d5 13. f3 exf3 14. Nxf3 O-O {[#] LiveBook: 8 Games} 15. Nbd2 $146 {[%cal Bb1d2,Bd2f1,Bf1e3][%mdl 32]} ({Predecessor:} 15. Bg5 Qd7 16. Nbd2 Rae8 17. Bxf6 Bxf6 18. Nf1 Nd8 19. Ne3 Nf7 {1-0 (41) Areshchenko,A (2651)-Jussupow,A (2570) Zuerich 2009}) 15... Bd6 16. Nf1 Ne4 17. Ne3 Ng5 ({Weaker is} 17... Rxf3 18. gxf3 Qh4 19. Rf1 $16) 18. Nxg5 Qxg5 19. Nf1 Qh5 20. h3 Rf6 {[%cal Bf8f6,Bf6g6,Bg6g5][%mdl 32]} 21. Be3 Raf8 22. Re2 Ne7 23. Rae1 Nf5 24. Bf2 $1 Rg6 {Threatens to win with ...Qxh3.} 25. Re6 Rg5 $40 {[%mdl 128] White needs to defend precisely.} 26. Qd2 h6 27. Be3 (27. Qd3 $11 {remains equal.}) 27... Nxe3 $17 28. Qxe3 {[#]} Rf3 $1 29. Re8+ Kh7 {( -> ...Rxg2+!)} 30. Qe6 {Black must now prevent Qg8+.} Qxh3 $1 31. Qxh3 Rxh3 32. Ra8 Rd3 33. Ra7 {[#]} (33. Rae8 $17 {is a better defense.}) 33... c5 (33... h5 $1 $19 {has better winning chances.} 34. Rc1 c5) 34. Re6 Bf8 {Strongly threatening ...Rd1.} ({And not} 34... Rg6 35. Rxg6 Kxg6 36. Rxb7 $16) 35. Rxb7 {And now Kf2 would win.} cxd4 36. cxd4 (36. Rf7 $17 Bc5 37. Rc6) 36... Rxd4 $19 {...Bc5 is the strong threat.} 37. Rc6 Rd1 38. Rf7 Bb4 39. a3 Be1 40. Ne3 $2 (40. Rxa6 Bg3 41. b4) 40... Rb1 41. Rf1 (41. Rf3 $142) 41... d4 42. Nc4 {[#]} Bf2+ $1 {[%mdl 512] Precision: White = 40%, Black = 73%.} 0-1

[Event "FIN-ch 2017"]
[Site "Helsinki"]
[Date "2017.06.15"]
[Round "4"]
[White "Niemi, Kalle"]
[Black "Ebeling, Daniel"]
[Result "1-0"]
[WhiteElo "2331"]
[BlackElo "2477"]
[Annotator "TA"]
[PlyCount "137"]
[EventDate "2017.??.??"]
[EventType "tourn"]
[EventCountry "FIN"]
[SourceTitle "playchess.com"]
[Source "ChessBase"]
[SourceQuality "1"]

{[%evp 9,137,25,22,0,1,0,12,0,13,0,0,10,0,-22,-25,-27,-16,-26,-20,-33,1,-18,-25,-31,-10,-12,-3,-11,0,-14,0,-43,-47,-50,-22,-41,0,0,0,-8,0,-15,0,0,97,-121,81,70,120,23,164,150,116,17,31,43,44,0,16,0,0,0,0,0,0,0,0,0,273,256,245,94,94,94,104,104,104,104,104,104,658,657,657,635,1155,1090,1290,814,458,413,7079,6605,29966,29967,29969,29970,29970,29968,29968,29969,29969,29970,29970,29971,29971,29969,29963,330,29979,29978,29978,29978,29979,29979,29979,29980,29980,29979,29982,29983,29983,29984,29984,29985,29985,29986,29986,29987,29987,29988]} 1. Nf3 f5 2. d3 Nc6 3. d4 e6 4. g3 Nf6 5. Bg2 d5 {LiveBook: 7 Games} 6. Bf4 $146 {A04: Unusual lines after 1 Nf3 and King's Indian Attack} (6. c4 $5) ({Predecessor:} 6. O-O Rb8 7. Nbd2 b5 8. Ne5 Nxe5 9. dxe5 Nd7 10. Nf3 {½-½ (45) Fressinet,L (2708)-Christiansen,L (2584) Tromsoe 2013}) 6... Bd6 7. e3 Qe7 8. O-O {The position is equal.} b5 9. a4 b4 $1 10. c4 bxc3 11. bxc3 Ba6 12. Re1 O-O 13. Nbd2 Na5 14. Nb3 Nc4 15. Ne5 Bxe5 16. Bxe5 Nxe5 17. dxe5 Nd7 {[%cal Bf6d7,Bd7c5,Bc5d3][%mdl 32]} 18. Nd4 Bc4 ({Don't play} 18... Nxe5 $6 19. Nxe6 $1 {[%mdl 512]} c6 20. Nxf8 $16) 19. f4 Nc5 20. Qh5 Qd7 21. g4 g6 22. Qh4 Kh8 23. gxf5 gxf5 24. Kh1 Nd3 25. Red1 c5 (25... Rg8 $5 {[%cal Rg8g6]}) 26. Nf3 Rg8 (26... Rf7 $11) 27. Ng5 $2 (27. Qf6+ $16 Rg7 28. Rd2) 27... Rxg5 $2 (27... Qe7 $17 {keeps the pressure on.} 28. Rdb1 Nxe5 $1 {[%mdl 512]} 29. Qxh7+ Qxh7 30. Nxh7 Kxh7 31. fxe5 Rab8) 28. fxg5 $16 Qg7 29. Qg3 (29. Bf1 $1 $16 {[%cal Rf1d3]} Nxe5 30. Rab1) 29... Rg8 (29... Qxe5 $11 30. Qxe5+ Nxe5) 30. Bf1 $1 $18 {[%cal Rf1d3]} Nxe5 31. Bxc4 (31. Rab1 $16) 31... Nxc4 $11 32. Rab1 Qxc3 33. Rb7 (33. g6 $5 Qe5 34. Qxe5+ Nxe5 35. Rb7 hxg6 36. Rxa7 $11) 33... Qxe3 34. Qxe3 (34. Re1 $5 {[%cal Re1e3]} Qxg3 35. hxg3 $11) 34... Nxe3 {[%mdl 4096] Endgame KRR-KRN} 35. Re1 d4 36. Rxa7 Rb8 {next ...c4 is good for Black.} (36... Rd8 $5 37. Rb1 $8 Nd5 $11) 37. a5 f4 {Black wants to play ...Rb2.} 38. a6 {Threatens to win with Rb7.} d3 $2 {[%mdl 8192]} (38... Rd8 $11 39. Rb1 d3) 39. Rd7 $18 {Strongly threatening a7.} Ra8 40. Rb1 $2 (40. Ra1 $18 {Hoping for a7.} Nc2 41. Rb1) 40... d2 $16 41. a7 {White wants to mate with Rb8+.} d1=Q+ 42. Rbxd1 Nxd1 {[#]} 43. Rb7 $1 {[%cal Rb7b8] Rb8+ is the strong threat.} Rxa7 44. Rxa7 {aiming for Kg2. KR-KN} Ne3 $2 {[%mdl 8192] [#]} (44... c4 $16) 45. Re7 $1 $18 {[%cal Re7e6]} c4 46. Rxe6 c3 47. Rc6 Kg7 48. Rxc3 Kg6 49. Rc5 Nf5 (49... Kh5 $142 50. Kg1 Kg4) 50. Kg2 Kxg5 51. Kf3 Kf6 52. Kxf4 Ne7 53. Ra5 Ng6+ 54. Kg4 Ne5+ 55. Kh5 Nf7 56. Ra1 Ne5 57. Rg1 Nf7 58. Rg2 $2 (58. h4 {mates} Kf5 59. Rf1+ Ke6 60. Ra1 Ke5 61. Ra5+ Ke6 62. Ra4 Kd7 63. Ra6) 58... h6 $2 (58... Ke7 $18 59. Ra2 Ke6) 59. Rg6+ {White mates.} Kf5 60. Ra6 Ne5 61. h4 Nf7 62. Rb6 Ne5 63. Rxh6 Nf3 64. Rh8 Ke6 65. Rf8 Nd4 66. Kg6 Ke7 67. Rf1 Nc6 68. h5 Ne5+ 69. Kg7 {Precision: White = 53%, Black = 35%.} 1-0

[Event "FIN-ch 2017"]
[Site "Helsinki"]
[Date "2017.06.15"]
[Round "4"]
[White "Virtanen, Teemu"]
[Black "Sipila, Vilka"]
[Result "1-0"]
[WhiteElo "2141"]
[BlackElo "2415"]
[Annotator "TA"]
[PlyCount "93"]
[EventDate "2017.??.??"]
[EventType "tourn"]
[EventCountry "FIN"]
[SourceTitle "playchess.com"]
[Source "ChessBase"]
[SourceQuality "1"]

{[%evp 18,92,43,0,47,33,55,17,19,19,50,26,32,20,61,54,36,26,58,18,76,78,82,60,150,148,287,274,437,445,769,477,582,560,796,331,315,324,312,280,294,265,327,312,427,423,461,461,476,461,462,460,460,443,529,443,654,609,585,600,980,976,843,681,1922,1890,1424,1278,1133,1895,1479,1360,1236,1172,29998,29999,29999]} 1. Nf3 Nf6 2. g3 d6 3. d4 Nbd7 4. Bg2 e5 5. c4 Be7 6. Nc3 O-O 7. O-O c6 8. Qc2 Re8 9. b3 Bf8 10. Bb2 {LiveBook: 18 Games} Qa5 {A54: Old Indian Defence with Nf3, but without e4} (10... Qc7 11. Rac1 a6 12. Rfd1 e4 13. Nh4 d5 14. cxd5 cxd5 15. f3 exf3 16. Bxf3 Qd6 17. Ng2 Nb6 18. Nf4 Bg4 {½-½ (47) Ludwig,D (2456)-Zapata,A (2484) Philadelphia 2012}) 11. e3 exd4 $146 ({Predecessor:} 11... a6 12. Nd2 exd4 13. exd4 Qh5 14. Rfe1 Rxe1+ 15. Rxe1 Nb6 16. Nce4 Nxe4 17. Bxe4 {1-0 (56) Medina Carrasco,S (2153)-Perez Rosales,P (2166) Cala Galdana 1999}) 12. exd4 d5 {The position is equal.} 13. Rfe1 Rxe1+ 14. Rxe1 dxc4 15. bxc4 Nb6 16. Re5 c5 17. Nd2 $36 {[%mdl 2048] White fights for an advantage.} Nbd7 18. Nb3 Qd8 (18... Qa6 $11) 19. Re1 $16 cxd4 20. Nxd4 Nb6 ({Better is} 20... Qa5 $14) 21. Ne4 h6 (21... Nbd7 $16 22. Nb3 Nxe4) 22. Nxf6+ $18 Qxf6 {[#]} (22... gxf6 {is a better defense.} 23. c5 Nd5) 23. c5 $1 Nd7 (23... Bd7 $142 24. Bxb7 Re8) 24. c6 bxc6 25. Nxc6 Qd6 {If Black can now play ...Bb7 this consolidates a bit.} 26. Ne7+ (26. Re8 $142) 26... Bxe7 27. Bxa8 Nb6 28. Bf3 Be6 29. Rd1 Qb8 30. Qe4 a5 31. Bc3 Nc4 32. Bg4 Bxg4 33. Qxg4 {[%csl Gc3][%cal Rg4g7] [#]} Ne5 34. Qf4 f6 35. Bxe5 fxe5 {[%mdl 4096] Endgame KQR-KQB} 36. Qc4+ Kf8 (36... Kh8 $142 37. Rd5 Qb1+ 38. Kg2 Qb7) 37. Rc1 Qd6 38. h4 g6 39. Qe4 Qe6 40. a4 Bd6 41. Rc6 Ke7 42. Ra6 Qc8 43. Ra7+ Kf6 44. g4 {Threatening mate with Qf3+.} Qc1+ 45. Kg2 {Threatens to win with Qd5.} Qc5 46. Qf3+ Ke6 47. Qf7# {Precision: White = 70%, Black = 28%.} 1-0